Yucatecos en la sociedad mexicana de geografía y estadística desde 1833 a 1862 / (Record no. 59183)

MARC details
000 -CABECERA
campo de control de longitud fija 00637nam a2200181 a 4500
005 - FECHA Y HORA DE LA ÚLTIMA TRANSACCIÓN
campo de control 20210219152713.0
008 - ELEMENTOS DE LONGITUD FIJA--INFORMACIÓN GENERAL
campo de control de longitud fija 991125s1964 mx 000 0 spa u
035 ## - NÚMERO DE CONTROL DEL SISTEMA
Número de control de sistema UPN01000059183
049 ## - COLECCIÓN
Colección CG
050 #4 - SIGNATURA TOPOGRÁFICA DE LA BIBLIOTECA DEL CONGRESO
Número de clasificación G5 M6
Número de documento/Ítem C5.9
100 1# - ASIENTO PRINCIPAL--NOMBRE PERSONAL
Nombre de persona Civeira Taboada, Miguel
245 10 - MENCIÓN DE TÍTULO
Título Yucatecos en la sociedad mexicana de geografía y estadística desde 1833 a 1862 /
Mención de responsabilidad, etc. Miguel Civeira Taboada.
260 ## - PUBLICACIÓN, DISTRIBUCIÓN, ETC.
Lugar de publicación, distribución, etc. México :
Nombre del editor, distribuidor, etc. Sociedad Mexicana de Geografía y Estadística,
Fecha de publicación, distribución, etc. 1964.
300 ## - DESCRIPCIÓN FÍSICA
Extensión 94 p.
440 #0 - MENCIÓN DE SERIE/ASIENTO SECUNDARIO--TÍTULO
Título Selección de estudios y conferencias ;
Designación de volumen o secuencia 6
610 24 - ASIENTO SECUNDARIO DE MATERIA - NOMBRE CORPORATIVO
Nombre de entidad corporativa o nombre de jurisdicción como elemento de entrada SOCIEDAD MEXICANA DE GEOGRAFIA -
Subdivisión de forma ESTADISTICA -
Subdivisión geográfica YUCATAN
905 ## - TIPO DE MATERIAL
Tipo de material Libro
Holdings
Estado de retiro Estado de pérdida Fuente del sistema de clasificación o colocación Estado dañado No para préstamo Código de colección Localización permanente Ubicación/localización actual Ubicación en estantería Total de préstamos Clasificación Código de barras Fecha visto por última vez Número de copia Tipo de ítem Koha
    Library of Congress Classification     Colección General Bib. Gregorio Torres Quintero Bib. Gregorio Torres Quintero Planta baja   G5 M6 C5.9 42587 31/12/2020 1 Libro
    Library of Congress Classification     Colección General Bib. Gregorio Torres Quintero Bib. Gregorio Torres Quintero Planta baja   G5 M6 C5.9 41619 31/12/2020 1 Libro